Aviva Premiership Rugby Stats 2011-12 - Statistics

General Stats
  • This quiz has been taken 1,223 times
  • The average score is 8 of 20
Answer Stats
Hint Answer % Correct
Team That Finished Top Harlequins
89%
Team That Finished Bottom Newcastle Falcons
86%
Most Tries Against (Team) Newcastle Falcons
86%
Most Tries For (Team) Leicester Tigers
73%
Land Rover Discovery of the Season Owen Farrell
64%
Aviva Premiership Rugby Player of the Season Chris Robshaw
61%
Scored A Hat-Trick Of Tries Christian Wade
46%
Top Conversion Scorer Nick Evans
46%
QBE Director of Rugby of the Season Rob Baxter
42%
Top Point Scorer Tom Homer
34%
Top Penalty Scorer Tom Homer
34%
Youngest Point Scorer (18 Years 168 Days) George Ford
33%
MBNA Try of the Season Jonny May
25%
Oldest Player (39 Years 105 Days) Chris Budgen
21%
Oldest Point Scorer (39 Years 44 Days) Chris Budgen
21%
Top Try Scorer Rob Miller
21%
Most Sin-Bins (Player) Joe Marler or Nick Easter
17%
Gatorade Game Changer of the Season Gonzalo Camacho
12%
Top Drop Goal Scorer Nick MacLeod
10%
Youngest Player (17 Years 209 Days) Anthony Watson
6%
No matching quizzes found
Score Distribution
Percent of People with Each Score
Percentile by Number Answered
Your Score History
You have not taken this quiz